ნორმალური ფორმატი
MARC ფორმატი
ჩანაწერი Personal Name
ჩანაწერთა რაოდენობა, რომელიც გამოყენებულია: 1
001 - CONTROL NUMBER
- control field: 9434
003 - CONTROL NUMBER IDENTIFIER
- control field: GE_BSU
005 - DATE AND TIME OF LATEST TRANSACTION
- control field: 20200908121519.0
008 - FIXED-LENGTH DATA ELEMENTS
- fixed length control field: 200908|| aca||aabn | a|a d
040 ## - CATALOGING SOURCE
- Original cataloging agency: GE_BSU
- Transcribing agency: GE_BSU
100 ## - HEADING--PERSONAL NAME
- Personal name: Roughgarden, Tim
670 ## - SOURCE DATA FOUND
- Source citation: Work cat.: (GE_BSU): Roughgarden, Tim , Algorithms Illuminated :
